| 000 | 01717cam a22004934i 4500 | ||
|---|---|---|---|
| 003 | PE-LiUPU | ||
| 005 | 20250731173113.0 | ||
| 008 | 190103s2017 ilu r 001 0 eng | ||
| 020 | _a0830851593 | ||
| 020 | _a9780830851591 | ||
| 035 | _a(Sirsi) a251297 | ||
| 049 | _aPRUA | ||
| 082 | 0 | 4 |
_a261.561 _bJ67 _223 |
| 100 | 1 |
_aJohnson, Eric L., _d1956-, _eautor. |
|
| 245 | 1 | 0 |
_aGod & soul care : _bthe therapeutic resources of the Christian faith / _cEric L. Johnson. |
| 264 | 1 |
_aDowners Grove : _bInterVarsity Press, _c[2017]. |
|
| 300 |
_a717 páginas ; _c24 centímetros |
||
| 336 |
_atext _2rdacontent |
||
| 337 |
_aunmediated _2rdamedia |
||
| 338 |
_avolume _2rdacarrier |
||
| 504 | _aÍndice: páginas 703-717. | ||
| 505 | 0 | _aThe doxological/therapeutic agenda of the Trinity -- The goodness of God and the human creation -- The divine diagnosis -- The divine intervention -- The divine therapy -- The divine cure. | |
| 526 | _aSEG42 | ||
| 526 | _aSEG41 | ||
| 526 | _aSEG40 | ||
| 526 | _aSEG39 | ||
| 526 | _aP94 | ||
| 526 | _aP87 | ||
| 526 | _aP86 | ||
| 526 | _aP85 | ||
| 526 | _aP77 | ||
| 526 | _aP76 | ||
| 526 | _aP35 | ||
| 650 | 0 |
_aCristianismo _xPsicología. _95763 |
|
| 650 | 4 | _aPsicología, religiosa. | |
| 650 | 4 |
_aPsicoterapia. _91799 |
|
| 650 | 4 | _aTeología. | |
| 910 |
_adbm _brri _crri _d20190103 |
||
| 942 |
_2ddc _cBOOK |
||
| 994 |
_aC0 _bPEPRU |
||
| 596 | _a1 | ||
| 999 |
_a261.561 J67 _wDEWEY _c30716 _i79850 _f2021-11-10 _g4 _lCCODEBUL1 _mBUL _p27.00 _r0 _sY _tBOOK _u2019-1-3 _xTEOLOGIA _PP85 _0DONACION _1FCOMPR2 _o.STAFF. Colección Teología _d30716 |
||
| 980 |
_81 _gALBERTO SANCHEZ Responsable de Automatización |
||